000 00716nam a22002172 4500
001 0000024547
005 20151217152304.0
008 140106s xx 000 0 eng d
020 _a1904501459 :
040 _aKABU
_cKABU
100 1 _aTurner, Jonathan D. C.
_@0000184822
245 1 0 _aIntellectual property and EU competition law /
_cJonathan D. C. Turner.
250 _a1st ed.
260 _aOxford :
_bO. U. P.,
_c2010.
300 _alxv, 311 p.
650 0 _aIntellectual property
_zEuropean union countries.
_@0000182293
650 0 _aRestraint of trade
_zEuropean Union coutries.
_@0000178755
852 1 _9p26325 KES
908 _a140106
950 _@1
999 _c10328
_d10328